OP-AMPS and Linear Integrated Circuits (Record no. 5361)

000 -LEADER
fixed length control field 00355nam a2200145 4500
020 ## - INTERNATIONAL STANDARD BOOK NUMBER
ISBN 979-8618879071
082 ## - DEWEY DECIMAL CLASSIFICATION NUMBER
Classification number SHA
100 ## - MAIN ENTRY--AUTHOR NAME
Personal name Sharma, Sanjay
245 ## - TITLE STATEMENT
Title OP-AMPS and Linear Integrated Circuits
260 ## - PUBLICATION, DISTRIBUTION, ETC. (IMPRINT)
Place of publication New Delhi:
Name of publisher S.K. Kataria & Sons,
Year of publication 2010.
300 ## - PHYSICAL DESCRIPTION
Number of Pages 549p. ;
650 ## - SUBJECT ADDED ENTRY--TOPICAL TERM
Topical Term OP-AMS
650 ## - SUBJECT ADDED ENTRY--TOPICAL TERM
Topical Term Linear Integrated Circuits
942 ## - ADDED ENTRY ELEMENTS (KOHA)
Koha item type Books
Holdings
Withdrawn status Lost status Permanent Location Current Location Date acquired Cost, normal purchase price Full call number Accession Number Koha item type
    Central Library, QUEST, Nawabshah Central Library, QUEST, Nawabshah 2014-06-05 275.00 621.393SHA 46171 Books
    Central Library, QUEST, Nawabshah Central Library, QUEST, Nawabshah 2014-06-05 275.00 621.393SHA 46172 Books
    Central Library, QUEST, Nawabshah Central Library, QUEST, Nawabshah 2014-06-05 275.00 621.393SHA 46173 Books
    Central Library, QUEST, Nawabshah Central Library, QUEST, Nawabshah 2017-10-09   621.393SHA 56612 Books

Copyright © 2018,The QUEST, Nawabshah, Shaheed Benazirabad. All rights reserved
Mr. G. Farooq Channar (Librarian) QUEST, Nawabshah, Sindh, Pakistan 67480.
 Ph#: |   0244-9370381-4 Ext. 2308   Email| lib@quest.edu.pk   Web|  http://www.quest.edu.pk